On Dealing with Minima at the Border of a Simplicial Feasible Area in Simplicial Branch and Bound

Elmentve itt :
Bibliográfiai részletek
Szerzők: Gazdag-Tóth Boglárka
Hendrix Eligius M. T.
Casado Leocadio G.
Messine Frederic
Dokumentumtípus: Cikk
Megjelent: 2024
Sorozat:JOURNAL OF OPTIMIZATION THEORY AND APPLICATIONS 203 No. 2
Tárgyszavak:
doi:10.1007/s10957-024-02480-9

mtmt:35315753
Online Access:http://publicatio.bibl.u-szeged.hu/40491
LEADER 00930nab a2200241 i 4500
001 publ40491
005 20260624100834.0
008 260624s2024 hu o 000 eng d
022 |a 0022-3239 
024 7 |a 10.1007/s10957-024-02480-9  |2 doi 
024 7 |a 35315753  |2 mtmt 
040 |a SZTE Publicatio Repozitórium  |b hun 
041 |a eng 
100 2 |a Gazdag-Tóth Boglárka 
245 1 3 |a On Dealing with Minima at the Border of a Simplicial Feasible Area in Simplicial Branch and Bound  |h [elektronikus dokumentum] /  |c  Gazdag-Tóth Boglárka 
260 |c 2024 
300 |a 1880-1909 
490 0 |a JOURNAL OF OPTIMIZATION THEORY AND APPLICATIONS  |v 203 No. 2 
650 4 |a Számítás- és információtudomány 
700 0 1 |a Hendrix Eligius M. T.  |e aut 
700 0 1 |a Casado Leocadio G.  |e aut 
700 0 1 |a Messine Frederic  |e aut 
856 4 0 |u http://publicatio.bibl.u-szeged.hu/40491/1/OnDealingwithMinimaattheBorderofa.pdf  |z Dokumentum-elérés